| 000 | 01121nam a22002537a 4500 | ||
|---|---|---|---|
| 005 | 20170124103049.0 | ||
| 010 | _aA-968407 | ||
| 020 | _c150.00 | ||
| 035 | _aA-968407 | ||
| 037 | _bCen Lib/Ret | ||
| 040 |
_aDPL _bHN |
||
| 082 |
_aक _bहिंदिकी |
||
| 245 |
_aहिंदी की नवीनतम कहानियां / _cसंपादक रोहिताश्व अस्थाना |
||
| 246 |
_aHindi ki navintam kahaniyan / _bsampadak Rohitasva Asthana |
||
| 260 |
_aदिल्ली _bसुनील साहित्य सदन _c1999 |
||
| 270 |
_aए-101, उत्तरी घोड़ा _bदिल्ली _e110053 |
||
| 300 |
_a176पृ. _c21सेमी (सजिल्द) |
||
| 650 |
_a हिन्दी साहित्य _970138 |
||
| 650 |
_a हिन्दी साहित्य --लघु कथाएँ _954925 |
||
| 650 |
_aHindi literature _970139 |
||
| 650 |
_aHindi literature --Short Stories _970140 |
||
| 700 |
_aअस्थाना, रोहिताश्व _944529 |
||
| 942 |
_2ddc _cHN _hक _mहिंदिकी |
||
| 999 |
_c117112 _d117112 |
||